| 000 | 01255cam a2200265 4500 | ||
|---|---|---|---|
| 008 | 020419n2002 000 0 eng u | ||
| 020 | _a1900648148 | ||
| 035 | _a(Sirsi) u117582 | ||
| 041 | _aeng. | ||
| 050 | _a725.54 | ||
| 245 | _aDisability : making buildings accessible - special report 2002 | ||
| 260 |
_aCambridge _bWorkplacelaw Network _c2002 |
||
| 300 |
_a198p. _c30cm. |
||
| 350 | _a99.00 | ||
| 520 | _aThis special report focuses specifically on the access requirements under Part III of the DDA, which comes into force fully on 1 October 2004. Offers guidance to employers, workplace managers, architects and building owners on to what extent premises and/or business practices need to be physically altered to make services equally accessible to disabled people. | ||
| 520 | _aSuperseded by second edition (ISBN 1900648849). | ||
| 650 | _aMANAGEMENT-BUSINESS MANAGEMENT-DISCRIMINATION-DISABILITY DISCRIMINATION-ACCESSIBILITY | ||
| 650 | _aMANAGEMENT-BUSINESS MANAGEMENT-DISCRIMINATION-DISABILITY DISCRIMINATION-ACCESSIBILITY | ||
| 650 | _aDISABILITY DISCRIMINATION ACT 1995 | ||
| 650 | _aALTERATIONS | ||
| 650 | _aGUIDANCE | ||
| 690 | _aBUILT ENVIRONMENT-CONSTRUCTION DESIGN | ||
| 700 |
_aBright, K. _xEditor |
||
| 942 | _n0 | ||
| 999 |
_c102027 _d102027 |
||